000 00783nam a2200193 a 4500
003 0
005 20250318103316.0
008 080923s19uu xx 00 eng d
050 _aPHS LB 1060
_b.M58 2008
100 _aMita, Maya Banessa Q.
245 _aLearning strategies of selected grade 11 students of Southville International School and Colleges A.Y. 2007-2008 /
_cMaya Banessa Q. Mita.
260 _aLas PiƱas City, Philippines :
_bSouthville International School and Colleges,
_c2008.
300 _a28 pages :
_billustrations ;
_c28 cm.
504 _aIncludes bibliographical references.
650 _aLearning strategies
_xStudents.
650 _aStudy skills
_xHigh school students.
650 _aEducation, Secondary
_xCurricula and teaching methods.
942 _2lcc
_cPASS
999 _c98074
_d98074